| 000 | 00636nam a2200229 a 4500 | ||
|---|---|---|---|
| 001 | 65238 | ||
| 003 | BD-RjUL | ||
| 005 | 20211209081412.0 | ||
| 008 | 170302s1968 nyu b 000 0 eng d | ||
| 035 | _a(BD-RjUL)65368 | ||
| 035 | _aBD-RjUL | ||
| 040 |
_aLC _beng _cLC _dLC _dBD-RjUL |
||
| 041 | _aeng | ||
| 082 | 0 | 4 |
_a306 _223 _bSTU 1968 |
| 245 | 0 | 0 |
_aStudies in social and cultural anthropology / _cEdited by John Middleton |
| 260 |
_aNew York : _bThomas Y. Crowell Co., _cc1968 |
||
| 300 |
_aix, 289 p. ; _c21 cm. |
||
| 504 | _aIncludes bibliographies. | ||
| 650 | 0 |
_aEthnology. _9170289 |
|
| 942 |
_2ddc _cBK |
||
| 999 |
_c65238 _d65238 |
||